Loading...
| Literature - American | 0 | 7 | 0 | 1 | 70 | 47 | 83.43 | 0 | 3 | 0.00 | 0.00 |
| History - World | 0 | 6 | 0 | 1 | 60 | 25 | 66.67 | 2 | 4 | 0.00 | 0.00 |
| Literature - World | 0 | 6 | 1 | 0 | 55 | 67 | 88.00 | 0 | 3 | 0.00 | 0.00 |
| Literature - European | 0 | 6 | 1 | 0 | 55 | 50 | 74.33 | 0 | 4 | 0.00 | 0.00 |
| Science - Physics | 0 | 5 | 1 | 0 | 45 | 42 | 67.60 | 1 | 1 | 0.00 | 0.00 |
| History - Other | 0 | 5 | 1 | 0 | 45 | 49 | 70.00 | 1 | 3 | 0.00 | 0.00 |
| Mythology | 0 | 5 | 2 | 0 | 40 | 40 | 68.00 | 0 | 3 | 0.00 | 0.00 |
| Fine Arts - Painting and Sculpture | 0 | 4 | 1 | 0 | 35 | 95 | 107.00 | 0 | 0 | 0.00 | 0.00 |
| Philosophy | 0 | 3 | 0 | 0 | 30 | 42 | 67.00 | 0 | 1 | 0.00 | 0.00 |
| Fine Arts - Other | 0 | 4 | 2 | 0 | 30 | 21 | 63.25 | 0 | 2 | 0.00 | 0.00 |
| Literature - British | 0 | 4 | 2 | 0 | 30 | 61 | 76.00 | 0 | 1 | 0.00 | 0.00 |
| Social Science | 0 | 3 | 1 | 0 | 25 | 28 | 56.00 | 0 | 2 | 0.00 | 0.00 |
| Religion | 0 | 3 | 1 | 1 | 25 | 61 | 75.67 | 0 | 2 | 0.00 | 0.00 |
| Fine Arts - Classical Music | 0 | 2 | 0 | 1 | 20 | 80 | 103.00 | 0 | 1 | 0.00 | 0.00 |
| History - European | 0 | 2 | 2 | 0 | 10 | 73 | 73.00 | 0 | 1 | 0.00 | 0.00 |
| History - American | 0 | 3 | 5 | 0 | 5 | 29 | 52.33 | 1 | 3 | 0.00 | 0.00 |
| Geography | 0 | 1 | 1 | 0 | 5 | 84 | 84.00 | 0 | 0 | 0.00 | 0.00 |
| Science - Other | 0 | 1 | 1 | 0 | 5 | 83 | 83.00 | 0 | 1 | 0.00 | 0.00 |
| Science - Chemistry | 0 | 1 | 2 | 0 | 0 | 115 | 115.00 | 0 | 0 | 0.00 | 0.00 |
| Popular Culture | 0 | 0 | 0 | 0 | 0 | 0.00 | 0 | 0 | 0.00 | 0.00 | |
| Science - Biology | 0 | 1 | 2 | 0 | 0 | 70 | 70.00 | 0 | 0 | 0.00 | 0.00 |
| Current Events | 0 | 0 | 1 | 0 | -5 | 0.00 | 0 | 0 | 0.00 | 0.00 |